000 03396nam0a22005171 4500
001 RU\NLR\A1\7292
005 20260407103906.0
035 _a(NLR Aleph) 009673118
090 _a9670893
_c9670893
100 _a19970429d1772 m y0rusy50 ca
101 0 _arus
102 _aRU
135 _acrcn 024anaba
140 _ay y bb mayaa0000
200 1 _aЮридическое разсуждение о вещах священных, святых и принятых в благочестие,
_eс показанием прав, какими оныя у разных народов защищаются.
_eНа высокоторжественный день рождения ея императорскаго величества, всепресветлейшия, державнейшия, великия государыни императрицы Екатерины Алексеевны, самодержицы всероссийския,
_fговоренное в торжественном Императорскаго Московскаго университета собрании, апреля 22 дня, 1772 года. Обоих прав доктором, римских и российских экстраординарным профессором Семеном Десницким
210 _a[Москва]
_cпечатано при Императорском Московском университете
_d1772
215 _a44 c.
_d
305 _aПерепеч. в кн.: "Избранные произведения русских мыслителей второй половины XVIII века". М., 1952. Т.1. С.236-256
316 _aЭкз. РНБ (18.18.2.255) в сером ледериновом пер. На нижней крышке пер. экслибрис Рус. Фонда ГПБ с шифром. На тит. л., с.33 и 44 круглый штамп ГПБ. Имеются пятна, потеки. Размер: 26х19х1 см
_5NLR: 18.18.2.255
321 _aСК XVIII 1814
325 _aКопия доступна в Электрон. б-ке РНБ
518 1 _aЮридическое рассуждение о вещах священных, святых и принятых в благочестие
620 _dМосква
700 1 _4070
_7ca
_8rus
_aДесницкий
_bС. Е.
_fок. 1740-1789
_gСемён Ефимович
_9194368
_3RU\NLR\AUTH\770194419
702 0 _4420
_8rus
_7ca
_aЕкатерина
_cимператрица российская
_dII
_f1729-1796
_3RU\NLR\AUTH\772098
_9112115
712 0 2 _4610
_aМосковский университет
_bТипография
_3RU\NLR\AUTH\889932963
_9361140
801 0 _aRU
_bNLR
_c19970429
852 _aNLR
_j18.18.2.255
856 0 _uhttp://vivaldi.nlr.ru/bx000016859/view
856 1 _uhttp://vivaldi.nlr.ru/bx000016859/cover
856 2 _uhttp://vivaldi.nlr.ru/bx000016859/text
899 _aРГБ
899 _aБАН
899 _aМГУ
899 _aГПИБ
899 _aКУНБ
899 _aНГОУНБ
899 _aНБЛ КГУ
942 _cBOOK
980 _aNB
980 9 _akprsl
980 _aA1XVIIIv
981 2 0 _a(20) Книжные памятники РНБ
_b(20) Русский книжный фонд